La vida en el chaleco (Record no. 159030)

MARC details
000 -LEADER
campo de control de longitud fija 00797nam a22001815i 4500
001 - NÚMERO DE CONTROL
campo de control 159030
003 - IDENTIFICADOR DE NÚMERO DE CONTROL
campo de control ES-MaACL
005 - FECHA Y HORA DE LA ÚLTIMA TRANSACCIÓN
campo de control 20251120063145.0
008 - DATOS DE LONGITUD FIJA--INFORMACIÓN GENERAL
campo de control de longitud fija 010530s1859 cu |||| | spa d
040 ## - FUENTE DE CATALOGACIÓN
Centro catalogador/agencia de origen CCPB | B
Lengua de catalogación spa
Centro/agencia transcriptor CCPB | B
100 1# - ENTRADA PRINCIPAL--NOMBRE DE PERSONA
Nombre de persona Martínez Villergas, Juan,
Fechas asociadas al nombre 1817-1894
9 (RLIN) 78481
245 13 - MENCIÓN DEL TÍTULO
Título La vida en el chaleco
Resto del título : novela original de costumbres no menos originales /
Mención de responsabilidad, etc. escrita y dedicada a los habitantes de la isla de Cuba por Juan Martínez Villergas.
260 ## - PUBLICACIÓN, DISTRIBUCIÓN, ETC.
Lugar de publicación, distribución, etc. Habana :
Nombre del editor, distribuidor, etc. librería e imprenta El Iris, de Majin Pujolá y Cpª.,
Fecha de publicación, distribución, etc. 1859.
300 ## - DESCRIPCIÓN FÍSICA
Extensión VII, 587 p. ;
Dimensiones 23 cm.
505 8# - NOTA DE CONTENIDO CON FORMATO
Nota de contenido con formato Viaje al pais de Motezuma, 42 p.
852 ## - LOCALIZACIÓN
Ubicación ES-MaACL
Número de control de estantería B-4586
Nota libre -- Enc. hol.
-- -- Enc. con esta obra 42 p. tituladas "Viaje al pais de Motezuma"
Holdings
Estatus retirado Estado de pérdida Estado de daño No para préstamo Colección Biblioteca de origen Biblioteca actual Ubicación en estantería Fecha de adquisición Fuente de adquisición Total de préstamos Signatura topográfica completa Código de barras Visto por última vez Precio de reemplazo Tipo de ítem Koha
        Libros del s. XIX Biblioteca del Ateneo de Madrid Biblioteca del Ateneo de Madrid Sala Pardo Bazán 17/01/2008     B-4586 1166478 23/02/2023 23/02/2023 Libro impreso antiguo